000
00293nam a22001097a 4500
008
230620b xxu||||| |||| 00| 0 eng d
082
_a
321
_b
CPA 2001
245
_a
The Resurgence of Democracy
260
_a
UK
_b
The Commonwealth Parliamentary Association
_c
2001
300
_a
64p
942
_2
ddc
_c
BK
999
_c
1830
_d
1830